Letters in Sign Language - Statistics

General Stats
  • This quiz has been taken 526 times
  • The average score is 17 of 26
Answer Stats
Picture Answer % Correct
C
100%
A
85%
Y
85%
J
81%
V
80%
O
78%
R
74%
K
69%
X
68%
Q
67%
E
65%
S
64%
U
62%
L
60%
Z
60%
T
59%
I
58%
G
57%
D
56%
W
55%
F
50%
M
50%
B
47%
H
42%
N
42%
P
38%
No matching quizzes found
Score Distribution
Percent of People with Each Score
Percentile by Number Answered
Your Score History
You have not taken this quiz